El Comercio mundial de materias primas y los países en desarrollo /
Salvato in:
| Autore principale: | |
|---|---|
| Natura: | testo |
| Tags: |
Aggiungi Tag
Nessun Tag, puoi essere il primo ad aggiungerne!!
|
MARC
| LEADER | 00000 a a2200000 04500 | ||
|---|---|---|---|
| 001 | 3160 | ||
| 003 | |||
| 040 | |||
| 100 | |a Levin, Yuri | ||
| 245 | |a El Comercio mundial de materias primas y los países en desarrollo / |c Yuri Levin | ||
| 773 | |g número 2; páginas 182-195 | ||
| 999 | |c 22487 |d 22487 | ||
